Регионална библиотека "Любен Каравелов" - Русе

Хасковски минерални бани (Запис номер 189637)

MARC детайли
000 -Лидер
Контролно поле с фиксирана дължина 01657nam a2200373 c 4500
003 - Код на организацията, давaща контролен номер
Контролно поле BLK
005 - Дата и час на последна редакция
Контролно поле 20180421000603.0
008 - Елементи от данни с фиксирана дължина
fixed length control field 180411b bul|||||r ||||||| ||bul||
010 ## - Наследен системен номер
LC control number KNG00198681000
040 ## - Източник на каталожния запис
Идентификатор на билиотеката - собственик на записа BLK
041 ## - Код за език
Код за езика на текст/звукозапис или на отделно заглавие Български
Код за езика КДБФ Български
080 ## - УДК
Текстов определител УДК Хидротерапия (водотерапия). Балнеолечение. Курортотерапия - Лечение с бани, горещи бани, сауна, хладни бани, речно къпане, влажни фрикции, компреси, с "жива вода"(алкално активирана, с ph 9, 6;курорт
УДК код - определител по УДК 615.838
УДК определител (497.2)
УДК - код + определител 615.838(497.2)
100 1# - Редна дума - Автор
Автор Краваев, Стойко П.
Авторска отговорност първи автор
R(LIN) 344900
139 ## - Редно поле
Редна дума Краваев, Стойко П.
Авторски знак Крав - К 88
245 10 - Сведения за заглавието
Заглавие Хасковски минерални бани
Редно поле (дума) Стойко П. Краваев.
250 ## - Област на изданието
Сведения за изданието 2. прераб. и доп. изд.
257 ## - Страна на издаване
Страна на създаване/издаване България
260 ## - Област на издателските данни
-- София
Име на издателя, разпространителя и проч. Медицина и физкултура
Година на издаване 1975
Печатница Пловдив : Д. Благоев
300 ## - Физическа характеристика
Страници 47 с.
Илюстрации и др. с ил.
Размери/Мащаб 17 см
380 ## - Жанр
Жанр География
490 1# - СЕРИИ (Колекции)
Име на серия Наши курорти
500 ## - Общи забележки
Забележка 1. изд. 1961. - 10 095 тир.
650 #4 - Допълнително описание по предмет – тема
Основно описание – тема или топоним Курортотерапия - България
9 (RLIN) 160017
650 #4 - Допълнително описание по предмет – тема
Основно описание – тема или топоним Минерални бани - България
9 (RLIN) 281530
651 #4 - Допълнително описание по предмет - топоним
Географско понятие България
9 (RLIN) 241624
653 ## - Ключова дума – ненормативна
Ключова дума Хасково
653 ## - Ключова дума – ненормативна
Ключова дума минерални бани
653 ## - Ключова дума – ненормативна
Ключова дума курорти
852 ## - Местоположение
Форматна сигнатура Цб І 14219
856 4# - Електронен адрес и достъп
Електронен формат pdf - файл
Път до файла /url/
856 4# - Електронен адрес и достъп
Електронен формат pdf - файл
Път до файла /url/
942 ## - АРТИКУЛИ
Вид на библиотечния материал Книги
Скрит в OPAC Не
944 ## - СЪЗДАВАНЕ И РЕДАКЦИЯ на ЗАПИСА
Създаване/Редакция Създаване
Дата на регистрацията/редакция 20.12.2016
Служител, извършил регистрацията/редакцията Елиз_Шакирова
944 ## - СЪЗДАВАНЕ И РЕДАКЦИЯ на ЗАПИСА
Създаване/Редакция Редакция
Дата на регистрацията/редакция 20.12.2016
Служител, извършил регистрацията/редакцията Севдалина_Василева
999 ## - СИСТЕМНИ КОНТРОЛНИ НОМЕРА
Koha biblionumber 189637
Koha biblioitemnumber 189637
Наличности
Код за отписване Код за изгубен артикул Източник на класификационната схема Код за повреда Коз за рестрикции Код за отдаване Артикулен № Име на библиотеката - собственик Име на библиотеката, в която се намира в момента Статус (Текущо местоположение) Дата на вписване в системата Местоположение - отдел Цена в лева Инвентарен номер Систематично азбучна сигнатура Баркод Номер на екземпляра Цена в евро Служебна бележка Служебен тип на артикула Бележка за публиката
  Не е изгубен Universal Decimal Classification Не е повреден само за читалня ползва се в читалня 333749 Регионална библиотека "Любен Каравелов" Русе Регионална библиотека "Любен Каравелов" Русе Хранилище 1975-01-01 Хранилище 0.12 181710 Цб І 14219 120000181710 1 0.06 Дост: Dp Вид: Д N: стар фонд Дата: 01.01.1975 Книги  
Изтеглен Не е изгубен   Не е повреден без рестрикции заемане за дома 333750 Регионална библиотека "Любен Каравелов" Русе Регионална библиотека "Любен Каравелов" Русе   1975-01-01 Заемна - подръчен фонд 0.12 183612 П 615.83/К 88 183612 2 0.06 Дост: Pk Вид: Ф N: стар фонд Дата: 01.01.1975 Книги Отч.N: 29/2018 , Дата: 28.03.2018
Изтеглен Не е изгубен Universal Decimal Classification Не е повреден без рестрикции заемане за дома 333751 Регионална библиотека "Любен Каравелов" Русе Регионална библиотека "Любен Каравелов" Русе Заемна - подръчен фонд 1975-01-01 Заемна - подръчен фонд 0.12 183613 П 615.83/К 88 183613 3 0.06 Дост: Pk Вид: Ф N: стар фонд Дата: 01.01.1975 Дата инв: 15.02.2018 Бележки инв: П2018 Книги  
Изтеглен Не е изгубен   Не е повреден без рестрикции заемане за дома 333752 Регионална библиотека "Любен Каравелов" Русе Регионална библиотека "Любен Каравелов" Русе   1975-01-01 Заемна - подръчен фонд 0.12 183614 П 615.83/К 88 183614 4 0.06 Дост: Pk Вид: Ф N: стар фонд Дата: 01.01.1975 Книги Отч.N: 29/2018 , Дата: 28.03.2018
Vip Innovations Ltd, Rousse, Bulgaria 2025